00701nam a2200265Ia 450000500170000000800460001702000180006303700100008104000080009104000080009904000080010704100080011504100080012308400080013110000470013924500290018626000230021526000090023836500050024736500080025285600530026094200100031399900210032395200910034420260324124838.0008 260324s9999 xx 000 0 eng d a9781315246567 aEBOOK aCRL beng cCRL 2eng aeng qCRL aRichard Bellamy; Antonino Palumbo91174339 0aPolitical Accountability bTaylor and Francis c2010 a b420 uhttp://www.taylorfrancis.com/books/9781315246567 cEBOOK c1770463d1770463 00104070aCRLbCRLd2026-03-24l0pCL2052644r2026-03-24 12:48:38w2026-03-24yEBOOK